=LDR 00000nam 2200000 4500 =001 INLIS000000000046281 =005 20150306160759.0 =006 =007 =008 =020 ##$$a 979-602-229-022-3 =035 ##$$0010-031500000000053 =040 ##$$a Ind =082 ##$$a 618.92 =090 ##$$a 618.92,Mar a.! =100 ##$$a Marmi =245 ##$$a A-Z Panduan lengkap sakit dan luka pada anak =250 ##$$a Cet.I =260 ##$$a Yogyakarta$bPustaka Pelajar$c2011 =300 ##$$a xii,333hlm$c20cm =850 ##$$a NBPDMAT =990 ##$$a 0001/BPAP-NTB/20142015 =990 ##$$a 0001/BPAP-NTB/2015 =990 ##$$a 0001/BPAP-NTB/2015